Allies, adversaries, and international trade
Αποθηκεύτηκε σε:
| Κύριος συγγραφέας: | |
|---|---|
| Μορφή: | Βιβλίο |
| Γλώσσα: | English |
| Δημοσίευση: |
Princenton :
Princenton University Press,
c1994
|
| Θέματα: | |
| Ετικέτες: |
Προσθήκη ετικέτας
Δεν υπάρχουν, Καταχωρήστε ετικέτα πρώτοι!
|
MARC
| LEADER | 00000nam a2200000 i 4500 | ||
|---|---|---|---|
| 001 | 1/93116 | ||
| 008 | 991118s1994 eng d | ||
| 020 | |a 0-691-04471-6 (pbk.) | ||
| 035 | |l 10054298 | ||
| 040 | |a GR-MY-UA |b gre |e aacr | ||
| 041 | 0 | |a eng | |
| 082 | 0 | |a 382 | |
| 100 | 1 | |a Gowa, Joanne S. | |
| 245 | 1 | 0 | |a Allies, adversaries, and international trade / |c Joanne Gowa |
| 260 | |a Princenton : |b Princenton University Press, |c c1994 | ||
| 300 | |a xiv, 148 p. | ||
| 504 | |a Includes bibliography and index | ||
| 650 | 0 | 0 | |a Free trade. |
| 650 | 0 | 0 | |a Alliances. |
| 650 | 0 | 0 | |a International trade. |
| 650 | 0 | 0 | |a East-West trade. |
| 650 | 0 | 0 | |a World politics |y 20th century. |
| 852 | |a INST |b CHIOS |e 19991118 |h 382 GOW |p 005200019553 |q 005200019553 |t BK |y 0 | ||
| 901 | |a BIBL2-1999-3 | ||
| 909 | |a Χ |b 070145 | ||
| 922 | |a 2ΕΛΗ |b 199911 |c ΤΝΕΥ |d ΠΑΠΑΣΩΤΗΡΙΟΥ | ||
| 950 | |a 125-1999-07-15 | ||
| 970 | |a ΣΠΕΝΤΖΑ |b ΕΛΕΝΗ |z 1999/11/22 | ||